MLB National League Championship Series Losers - Statistics

General Stats
  • This quiz has been taken 54 times
    8 since last reset
  • The average score is 35 of 56
Answer Stats
Year Team % Correct
2023 Philadelphia Phillies
100%
2020 Atlanta Braves
83%
2017 Chicago Cubs
83%
2015 Chicago Cubs
83%
2021 Los Angeles Dodgers
83%
2016 Los Angeles Dodgers
83%
2018 Milwuakee Brewers
83%
2024 New York Mets
83%
2022 San Diego Padres
83%
2019 St. Louis Cardinals
83%
2014 St. Louis Cardinals
83%
2012 St. Louis Cardinals
83%
1997 Atlanta Braves
67%
1982 Atlanta Braves
67%
2003 Chicago Cubs
67%
1984 Chicago Cubs
67%
2004 Houston Astros
67%
1986 Houston Astros
67%
2013 Los Angeles Dodgers
67%
2009 Los Angeles Dodgers
67%
2008 Los Angeles Dodgers
67%
1985 Los Angeles Dodgers
67%
1983 Los Angeles Dodgers
67%
2011 Milwaukee Brewers
67%
2006 New York Mets
67%
1999 New York Mets
67%
2010 Philadelphia Phillies
67%
2005 St. Louis Cardinals
67%
2007 Arizona Diamondbacks
50%
2001 Atlanta Braves
50%
1998 Atlanta Braves
50%
1993 Atlanta Braves
50%
1969 Atlanta Braves
50%
1989 Chicago Cubs
50%
1995 Cincinnati Reds
50%
1979 Cincinnati Reds
50%
1973 Cincinnati Reds
50%
1980 Houston Astros
50%
1981 Montreal Expos
50%
1988 New York Mets
50%
1978 Philadelphia Phillies
50%
1977 Philadelphia Phillies
50%
1976 Philadelphia Phillies
50%
1992 Pittsburgh Pirates
50%
1991 Pittsburgh Pirates
50%
1990 Pittsburgh Pirates
50%
1975 Pittsburgh Pirates
50%
1974 Pittsburgh Pirates
50%
1972 Pittsburgh Pirates
50%
1970 Pittsburgh Pirates
50%
1987 San Francisco Giants
50%
1971 San Francisco Giants
50%
2002 St. Louis Cardinals
50%
2000 St. Louis Cardinals
50%
1996 St. Louis Cardinals
50%
2025 Milwuakee Brewers
33%
No matching quizzes found
Score Distribution
Percent of People with Each Score
Percentile by Number Answered
Your Score History
You have not taken this quiz since the last reset